000 00514nam a2200181Ia 4500
005 20250326144938.0
008 250326s9999 xx 000 0 und d
037 _aTextbook
040 _aFMSL
_beng
_cFMSL
041 _aeng
_2eng
084 _aX655 M7
_qFMSL
100 _aJain R K
245 0 _aGuide on foreign collaboration : policies & procedures 1987-88
_cJain R K
260 _aDelhi
_bDelhi, India Investment
_c1987
300 _a668p
942 _cTB
_hX655 M7
999 _c1305741
_d1305741